<?xml version="1.0" encoding="UTF-8"?>
<record
    xmlns:xsi="http://www.w3.org/2001/XMLSchema-instance"
    xsi:schemaLocation="http://www.loc.gov/MARC21/slim http://www.loc.gov/standards/marcxml/schema/MARC21slim.xsd"
    xmlns="http://www.loc.gov/MARC21/slim">

  <leader>01375cam a2200325   4500</leader>
  <controlfield tag="001">10586</controlfield>
  <controlfield tag="003">BD-RjUL</controlfield>
  <controlfield tag="005">20211208235000.0</controlfield>
  <controlfield tag="008">140125t1969    iluab    b    000 0 eng</controlfield>
  <datafield tag="035" ind1=" " ind2=" ">
    <subfield code="a">(BD-RjUL)10634</subfield>
  </datafield>
  <datafield tag="040" ind1=" " ind2=" ">
    <subfield code="a">DLC</subfield>
    <subfield code="c">DLC</subfield>
    <subfield code="d">DLC</subfield>
    <subfield code="d">BD-RjUL</subfield>
    <subfield code="b">eng</subfield>
  </datafield>
  <datafield tag="041" ind1=" " ind2=" ">
    <subfield code="a">eng</subfield>
  </datafield>
  <datafield tag="082" ind1="0" ind2="0">
    <subfield code="a">614.875</subfield>
    <subfield code="2">16</subfield>
    <subfield code="b">BUH 1969</subfield>
  </datafield>
  <datafield tag="100" ind1="1" ind2=" ">
    <subfield code="a">Burton, Ian,</subfield>
    <subfield code="d">1935-</subfield>
    <subfield code="9">14501</subfield>
  </datafield>
  <datafield tag="245" ind1="1" ind2="4">
    <subfield code="a">The human ecology of coastal flood hazard in megalopolis /</subfield>
    <subfield code="c">By Ian Burton, Robert W. Kates [and] Rodman E. Snead.</subfield>
  </datafield>
  <datafield tag="260" ind1=" " ind2=" ">
    <subfield code="a">Chicago  :</subfield>
    <subfield code="b">Dept. of Geography [University of Chicago],</subfield>
    <subfield code="c">1969.</subfield>
  </datafield>
  <datafield tag="300" ind1=" " ind2=" ">
    <subfield code="a">xiv, 196 p. :</subfield>
    <subfield code="b">illus. (part col.), col. maps. ;</subfield>
    <subfield code="c">23 cm.</subfield>
  </datafield>
  <datafield tag="490" ind1="1" ind2=" ">
    <subfield code="a">University of Chicago. Dept. of Geography. Research paper no. 115</subfield>
  </datafield>
  <datafield tag="500" ind1=" " ind2=" ">
    <subfield code="a">Revised version of The shores of megalopolis; coastal occupance and human adjustment to flood hazard, by Ian Burton and others, Publications in climatology, vol. 23, no. 3.</subfield>
  </datafield>
  <datafield tag="504" ind1=" " ind2=" ">
    <subfield code="a">Bibliography: p. 191-196.</subfield>
  </datafield>
  <datafield tag="650" ind1=" " ind2="0">
    <subfield code="a">Coasts</subfield>
    <subfield code="z">United States.</subfield>
    <subfield code="9">32724</subfield>
  </datafield>
  <datafield tag="650" ind1=" " ind2="0">
    <subfield code="a">Floods</subfield>
    <subfield code="z">United States.</subfield>
    <subfield code="9">32725</subfield>
  </datafield>
  <datafield tag="830" ind1=" " ind2="0">
    <subfield code="v">no. 115.</subfield>
    <subfield code="9">32733</subfield>
  </datafield>
  <datafield tag="700" ind1="1" ind2=" ">
    <subfield code="a">Kates, Robert W.</subfield>
    <subfield code="q">(Robert William),</subfield>
    <subfield code="d">1929-</subfield>
    <subfield code="e">joint author.</subfield>
    <subfield code="9">14503</subfield>
  </datafield>
  <datafield tag="700" ind1="1" ind2=" ">
    <subfield code="a">Snead, Rodman E.,</subfield>
    <subfield code="e">joint author.</subfield>
    <subfield code="9">32727</subfield>
  </datafield>
  <datafield tag="830" ind1=" " ind2="0">
    <subfield code="a">Research paper (University of Chicago. Department of Geography) ;</subfield>
    <subfield code="9">32734</subfield>
  </datafield>
  <datafield tag="942" ind1=" " ind2=" ">
    <subfield code="2">ddc</subfield>
    <subfield code="c">BK</subfield>
  </datafield>
  <datafield tag="999" ind1=" " ind2=" ">
    <subfield code="c">10586</subfield>
    <subfield code="d">10586</subfield>
  </datafield>
  <datafield tag="952" ind1=" " ind2=" ">
    <subfield code="0">0</subfield>
    <subfield code="1">0</subfield>
    <subfield code="2">ddc</subfield>
    <subfield code="4">0</subfield>
    <subfield code="7">1</subfield>
    <subfield code="8">NFIC</subfield>
    <subfield code="a">RUCL</subfield>
    <subfield code="b">RUCL</subfield>
    <subfield code="c">Reference</subfield>
    <subfield code="d">1976-07-28</subfield>
    <subfield code="e">Asia Foundation</subfield>
    <subfield code="l">0</subfield>
    <subfield code="o">614.875 BUH 1969</subfield>
    <subfield code="r">2014-01-25 00:00:00</subfield>
    <subfield code="t">C-1</subfield>
    <subfield code="w">2014-01-25</subfield>
    <subfield code="y">BK</subfield>
  </datafield>
</record>
